[Event "Philadelphia Open"]
[Site "Philadelphia"]
[Date "2012.04.06"]
[Round "5.5"]
[White "Stripunsky, Alexander"]
[Black "Gurevich, Dmitry"]
[Result "1/2-1/2"]
[WhiteElo "2566"]
[BlackElo "2466"]
[PlyCount "82"]
[EventDate "2012.04.??"]
[EventType "swiss"]
[EventRounds "9"]
[EventCountry "USA"]

1. e4 c5 2. c3 d5 3. exd5 Qxd5 4. d4 g6 5. dxc5 Qxd1+ 6. Kxd1 Nf6 7. Bb5+ Bd7
8. Na3 Bg7 9. Ke2 O-O 10. Nf3 Rc8 11. Be3 Ne4 12. Rhd1 Bxc3 13. Bd3 Bxb2 14.
Bxe4 Bc6 15. Bxc6 Nxc6 16. Nc4 Bxa1 17. Rxa1 Nb4 18. Rb1 Nd5 19. Rxb7 Nxe3 20.
fxe3 Rxc5 21. Nfd2 Kf8 22. Rb4 Rac8 23. Ra4 R8c7 24. h3 Rg5 25. g4 Rgc5 26. e4
h5 27. Ne3 hxg4 28. hxg4 f6 29. Nb3 Re5 30. Kf3 Rc3 31. Kf4 g5+ 32. Kf3 e6 33.
Nd4 a5 34. Rc4 Ra3 35. Rc8+ Kg7 36. Rc2 Kf7 37. Rb2 Kf8 38. Rb8+ Kg7 39. Rb6
Kf7 40. Rb7+ Kf8 41. Rb6 Kf7 1/2-1/2

[Event "Philadelphia Open"]
[Site "Philadelphia"]
[Date "2012.04.06"]
[Round "5.6"]
[White "Bachmann, Axel"]
[Black "Bartell, Thomas"]
[Result "1-0"]
[WhiteElo "2556"]
[BlackElo "2365"]
[PlyCount "79"]
[EventDate "2012.04.??"]
[EventType "swiss"]
[EventRounds "9"]
[EventCountry "USA"]

1. c4 c5 2. Nc3 Nf6 3. g3 g6 4. Bg2 Bg7 5. e4 Nc6 6. d3 O-O 7. Nge2 d6 8. O-O
Ne8 9. Be3 Nc7 10. d4 cxd4 11. Nxd4 Ne6 12. Nde2 Nc5 13. b3 Bg4 14. f3 Bd7 15.
Qd2 a5 16. Rfd1 b6 17. Rab1 Qb8 18. h3 Rd8 19. f4 Be8 20. a3 e6 21. Qe1 Ne7 22.
Qf2 Ra6 23. b4 axb4 24. axb4 Na4 25. b5 Nxc3 26. bxa6 Nxd1 27. Rxd1 Nc8 28. e5
Qc7 29. exd6 Rxd6 30. Rxd6 Qxd6 31. Bd4 Bxd4 32. Nxd4 Na7 33. Bb7 Qc5 34. Nf3
Kf8 35. Qxc5+ bxc5 36. Nd2 Ba4 37. Ne4 Ke7 38. Nxc5 Bc2 39. Be4 Bxe4 40. Nxe4
1-0

[Event "Philadelphia Open"]
[Site "Philadelphia"]
[Date "2012.04.06"]
[Round "5.7"]
[White "Kashtanov, Ruslan"]
[Black "Gerzhoy, Leonid"]
[Result "1/2-1/2"]
[WhiteElo "2361"]
[BlackElo "2489"]
[PlyCount "98"]
[EventDate "2012.04.??"]
[EventType "swiss"]
[EventRounds "9"]
[EventCountry "USA"]

1. c4 e6 2. Nf3 Nf6 3. g3 d5 4. Bg2 dxc4 5. Qa4+ c6 6. Qxc4 b5 7. Qc2 Bb7 8. a4
a6 9. O-O Nbd7 10. Nc3 Be7 11. d4 O-O 12. Rd1 Qc8 13. Ne5 Nxe5 14. dxe5 Nd7 15.
Bf4 bxa4 16. Qxa4 Nb6 17. Qb3 Nd5 18. Ne4 c5 19. Nd6 Bxd6 20. exd6 c4 21. Qa3
Nxf4 22. gxf4 Bxg2 23. Kxg2 Qb7+ 24. f3 Rfd8 25. Rd2 a5 26. e4 a4 27. Qc3 Qc6
28. Qd4 Rd7 29. Rc1 Rc8 30. e5 f6 31. Rc3 fxe5 32. fxe5 Rf7 33. Qe4 Qb5 34.
Rdc2 Rf5 35. f4 Rcf8 36. Rxc4 g5 37. Qc6 Qxc6+ 38. Rxc6 gxf4 39. R6c5 f3+ 40.
Kf1 Rf4 41. R2c4 Kg7 42. Rxf4 Rxf4 43. Rc7+ Kg6 44. Kf2 Rb4 45. Rc2 Kf5 46. Rd2
Rb8 47. d7 Rd8 48. Kxf3 Kxe5 49. Ke3 Kf6 1/2-1/2

[Event "Philadelphia Open"]
[Site "Philadelphia"]
[Date "2012.04.06"]
[Round "5.8"]
[White "Naroditsky, Daniel"]
[Black "Coleman, Teddy"]
[Result "1/2-1/2"]
[WhiteElo "2479"]
[BlackElo "2356"]
[PlyCount "82"]
[EventDate "2012.04.??"]
[EventType "swiss"]
[EventRounds "9"]
[EventCountry "USA"]

1. e4 c6 2. d4 d5 3. e5 Bf5 4. Nf3 e6 5. Be2 Ne7 6. Nh4 Bg6 7. Nd2 c5 8. Nxg6
hxg6 9. dxc5 Nec6 10. Nf3 Bxc5 11. O-O Nd7 12. Bf4 Qb6 13. c3 Qxb2 14. Rb1 Qxc3
15. Rxb7 Rb8 16. Rxb8+ Ndxb8 17. Qa4 Qb4 18. Bb5 Qxa4 19. Bxa4 Kd7 20. Be3 Bxe3
21. fxe3 f6 22. e4 Ke7 23. exd5 exd5 24. Re1 Rd8 25. exf6+ Kxf6 26. Rf1 Ke7 27.
Ng5 Rf8 28. Re1+ Kd7 29. Bb3 Ne7 30. Ne6 Rf7 31. Nc5+ Kd6 32. Ne4+ Kd7 33. Nc5+
Kd6 34. Ne4+ Kd7 35. Nc3 Rf5 36. g4 Rg5 37. h3 Nbc6 38. Rd1 Ke6 39. Nb5 Kd7 40.
Nc3 Ke6 41. Nb5 Kd7 1/2-1/2

[Event "Philadelphia Open"]
[Site "Philadelphia"]
[Date "2012.04.06"]
[Round "5.9"]
[White "Gelashvili, Tamaz"]
[Black "Sarkar, Justin"]
[Result "1-0"]
[WhiteElo "2619"]
[BlackElo "2391"]
[PlyCount "69"]
[EventDate "2012.04.??"]
[EventType "swiss"]
[EventRounds "9"]
[EventCountry "USA"]

1. Nf3 Nf6 2. d4 g6 3. c3 Bg7 4. Bg5 O-O 5. Nbd2 d6 6. e4 h6 7. Bh4 Qe8 8. Bc4
e5 9. dxe5 dxe5 10. O-O Nh5 11. Re1 Nd7 12. b4 Nb6 13. Bb3 a5 14. a3 Kh7 15. c4
a4 16. Bc2 Be6 17. c5 Nc4 18. Nxc4 Bxc4 19. Qd2 Nf4 20. Rad1 Bb5 21. h3 Ne6 22.
Bb1 f6 23. Ba2 h5 24. Qd5 Nf4 25. Qxb7 Ne2+ 26. Rxe2 Bxe2 27. Rd2 Bxf3 28. gxf3
g5 29. Bg3 h4 30. Bh2 Qc8 31. Qc6 Qxh3 32. Rd3 Rfe8 33. Qxc7 g4 34. Qd7 Kh6 35.
fxg4 1-0

[Event "Philadelphia Open"]
[Site "Philadelphia"]
[Date "2012.04.06"]
[Round "5.16"]
[White "Bonin, Jay R"]
[Black "Vibbert, Sean"]
[Result "1/2-1/2"]
[WhiteElo "2313"]
[BlackElo "2180"]
[PlyCount "94"]
[EventDate "2012.04.??"]
[EventType "swiss"]
[EventRounds "9"]
[EventCountry "USA"]

1. d4 d5 2. Nf3 Nf6 3. c4 e6 4. Nc3 Nbd7 5. Bg5 c6 6. e3 Qa5 7. Bxf6 Nxf6 8.
Nd2 Bd7 9. Be2 Bd6 10. a3 e5 11. cxd5 cxd5 12. O-O exd4 13. exd4 O-O 14. Bf3
Rac8 15. Re1 Be6 16. Qb3 a6 17. Nf1 Rfd8 18. Ne3 Bc7 19. Rad1 Qb6 20. Qxb6 Bxb6
21. Na4 Ba7 22. b4 b6 23. Rc1 Kf8 24. Be2 Rxc1 25. Rxc1 Bd7 26. Nc3 b5 27. Rd1
Be6 28. Bf3 Ke7 29. g4 g5 30. h3 Kd6 31. a4 Rc8 32. Rd3 Bxd4 33. Ncxd5 Rc1+ 34.
Kg2 Nxd5 35. Rxd4 Ke5 36. Re4+ Kf6 37. axb5 axb5 38. Nxd5+ Bxd5 39. Rd4 Bxf3+
40. Kxf3 Rc3+ 41. Ke4 Ke6 42. Rd5 Rc4+ 43. Rd4 Rc2 44. f4 gxf4 45. Kxf4 Rh2 46.
Kg3 Rb2 47. Kf4 Rh2 1/2-1/2

[Event "Philadelphia Open"]
[Site "Philadelphia"]
[Date "2012.04.07"]
[Round "6.1"]
[White "Shankland, Samuel L"]
[Black "Kaidanov, Gregory"]
[Result "1/2-1/2"]
[WhiteElo "2580"]
[BlackElo "2598"]
[PlyCount "31"]
[EventDate "2012.04.??"]
[EventType "swiss"]
[EventRounds "9"]
[EventCountry "USA"]
[TimeControl "6000+1195"]
[WhiteClock "0:52:03"]
[BlackClock "0:56:09"]

1. d4 d5 2. c4 c6 3. Nf3 Nf6 4. Nc3 e6 5. e3 Nbd7 6. Qc2 Bd6 7. Bd3 O-O 8. O-O
e5 9. cxd5 cxd5 10. e4 exd4 11. Nxd5 Nxd5 12. exd5 h6 13. Re1 Nf6 14. Nxd4 Nxd5
15. Be4 Nf6 16. Nf5 1/2-1/2

[Event "Philadelphia Open"]
[Site "Philadelphia"]
[Date "2012.04.07"]
[Round "6.2"]
[White "Akobian, Varuzhan"]
[Black "Panchanathan, Magesh Chandran"]
[Result "1-0"]
[WhiteElo "2621"]
[BlackElo "2557"]
[PlyCount "81"]
[EventDate "2012.04.??"]
[EventType "swiss"]
[EventRounds "9"]
[EventCountry "USA"]
[TimeControl "6000+1265"]
[WhiteClock "0:29:33"]
[BlackClock "0:31:02"]

1. d4 Nf6 2. c4 e6 3. Nf3 b6 4. g3 Bb7 5. Bg2 Be7 6. O-O O-O 7. Nc3 Ne4 8. Bd2
f5 9. Qc2 Bf6 10. Rad1 Nxc3 11. Bxc3 Be4 12. Qb3 d6 13. Ne1 Bxg2 14. Nxg2 Qe8
15. Rfe1 Qf7 16. Qa4 Qd7 17. Qc2 d5 18. Nf4 a5 19. cxd5 exd5 20. Rc1 Nc6 21.
Bd2 Nxd4 22. Qxc7 Qxc7 23. Rxc7 Be5 24. Rb7 Bxf4 25. Bxf4 Rae8 26. Be3 Re4 27.
Bxd4 Rxd4 28. e3 Rc4 29. Rd1 Rd8 30. Rxb6 d4 31. Rd3 Rd5 32. Kg2 h6 33. Rxd4
Rcxd4 34. exd4 Rxd4 35. Rb5 Ra4 36. a3 g6 37. Kf3 Kf7 38. Ke3 Kf6 39. Kd3 Kg5
40. f3 Kf6 41. Rc5 1-0

[Event "Philadelphia Open"]
[Site "Philadelphia"]
[Date "2012.04.07"]
[Round "6.3"]
[White "Shabalov, Alexander"]
[Black "Erenburg, Sergey"]
[Result "0-1"]
[WhiteElo "2523"]
[BlackElo "2616"]
[PlyCount "82"]
[EventDate "2012.04.??"]
[EventType "swiss"]
[EventRounds "9"]
[EventCountry "USA"]
[TimeControl "6000+1270"]
[WhiteClock "0:18:54"]
[BlackClock "0:29:55"]

1. d4 d5 2. c4 c6 3. Nc3 Nf6 4. Nf3 a6 5. g3 dxc4 6. Bg2 b5 7. Ne5 Bb7 8. a4 e6
9. O-O Nd5 10. e4 Nxc3 11. bxc3 Nd7 12. f4 Be7 13. Ng4 O-O 14. e5 Nb6 15. f5
exf5 16. Ne3 g6 17. Nxf5 gxf5 18. Rxf5 f6 19. Bh6 Kh8 20. Bxf8 Qxf8 21. exf6
Bxf6 22. Qf3 Nd5 23. Rf1 b4 24. cxb4 c3 25. Kh1 Re8 26. Qd3 Bc8 27. Re5 Be6 28.
b5 axb5 29. axb5 Qg8 30. Re2 cxb5 31. Qxb5 Rc8 32. Qa6 Nc7 33. Qd6 Bg7 34. Rc1
Bc4 35. Re7 Nb5 36. Qf4 Bd5 37. Qg4 Bxg2+ 38. Kxg2 Bf6 39. Rxh7+ Kxh7 40. Qh5+
Kg7 41. Re1 Nd6 0-1

[Event "Philadelphia Open"]
[Site "Philadelphia"]
[Date "2012.04.07"]
[Round "6.4"]
[White "Hammer, Jon Ludvig"]
[Black "Bachmann, Axel"]
[Result "1/2-1/2"]
[WhiteElo "2606"]
[BlackElo "2556"]
[PlyCount "105"]
[EventDate "2012.04.??"]
[EventType "swiss"]
[EventRounds "9"]
[EventCountry "USA"]
[TimeControl "6000+1475"]
[WhiteClock "0:36:05"]
[BlackClock "0:46:52"]

1. d4 g6 2. e4 Bg7 3. Nc3 d6 4. f4 c6 5. Nf3 Bg4 6. Be3 Qb6 7. Qd2 Bxf3 8. gxf3
Nd7 9. O-O-O Qa5 10. Kb1 O-O-O 11. Rg1 e6 12. f5 exf5 13. exf5 Ngf6 14. d5 c5
15. Nb5 Qb6 16. a4 a5 17. Bf4 Ne8 18. Bh3 Kb8 19. Rge1 Ne5 20. Bxe5 Bxe5 21. f4
Bf6 22. Bf1 Nc7 23. Re3 c4 24. Bxc4 Na6 25. Bb3 Nc5 26. Na3 Nxa4 27. Nc4 Qb5
28. Bxa4 Qxc4 29. Qxa5 Rc8 30. Bc6 Qc5 31. Qxc5 dxc5 32. Bb5 c4 33. d6 Rc5 34.
Bd7 Rd8 35. Re7 Rxf5 36. Rxf7 Rxf4 37. Rxh7 c3 38. b3 Rd4 39. Rxd4 Bxd4 40. b4
Be5 41. Ka2 Rh8 42. Rxh8+ Bxh8 43. Kb3 Be5 44. h4 Bxd6 45. Kxc3 Bg3 46. Be8
Bxh4 47. Bxg6 Kc7 48. Kc4 b6 49. Kb5 Be7 50. c3 Bd6 51. Be4 Be7 52. Ka6 Bd6 53.
Kb5 1/2-1/2

[Event "Philadelphia Open"]
[Site "Philadelphia"]
[Date "2012.04.07"]
[Round "6.5"]
[White "Managadze, Nikoloz"]
[Black "Gelashvili, Tamaz"]
[Result "1/2-1/2"]
[WhiteElo "2475"]
[BlackElo "2619"]
[PlyCount "156"]
[EventDate "2012.04.??"]
[EventType "swiss"]
[EventRounds "9"]
[EventCountry "USA"]

1. e4 e5 2. Nf3 d6 3. d4 exd4 4. Nxd4 Nf6 5. Nc3 Be7 6. Bc4 O-O 7. O-O c6 8. a4
a5 9. h3 Re8 10. Re1 Bf8 11. Bg5 Nbd7 12. Re3 Ne5 13. Bb3 h6 14. Bh4 g5 15. Bg3
Ng6 16. Qd3 Nh5 17. Bh2 Nhf4 18. Bxf4 Nxf4 19. Qd2 Bg7 20. Rd1 Be5 21. Nf3 Be6
22. Ne2 Nxe2+ 23. Qxe2 Bf4 24. Rc3 Qf6 25. g3 Be5 26. Nxe5 Qxe5 27. Bxe6 Rxe6
28. Rb3 Re7 29. Qh5 Kg7 30. Rbd3 Rd8 31. b3 Qc5 32. Qf3 Re6 33. c4 Rde8 34. Rd4
Qe5 35. Qd3 h5 36. Rxd6 Rxd6 37. Qxd6 Qxe4 38. Qd4+ Qxd4 39. Rxd4 Re1+ 40. Kg2
Rb1 41. Rd3 Kf6 42. Re3 Kg6 43. g4 h4 44. Rf3 f6 45. Kh2 Rd1 46. Kg2 Rd2 47.
Kf1 Kf7 48. Re3 Rc2 49. Kg2 Rb2 50. Kf1 Kg6 51. Rf3 Rc2 52. Kg2 Rd2 53. Kf1 Rb2
54. Kg2 Kg7 55. Kf1 Kf7 56. Re3 f5 57. gxf5 Kf6 58. Rf3 Rd2 59. Kg2 Rd7 60. Kf1
Rd4 61. Kg2 b6 62. Rc3 c5 63. Rf3 Re4 64. Kg1 Re5 65. Kg2 Rxf5 66. Rd3 Ke5 67.
Rd5+ Ke6 68. Rd8 Rf6 69. Rd5 Rf5 70. Rd8 Kf7 71. Rd7+ Kg6 72. Rd6+ Rf6 73. Rd5
Rf5 74. Rd8 Rf6 75. Rd5 Re6 76. Kf3 Kh5 77. Kg2 Rf6 78. Rd8 Kg6 1/2-1/2

[Event "Philadelphia Open"]
[Site "Philadelphia"]
[Date "2012.04.07"]
[Round "6.9"]
[White "Friedel, Joshua E"]
[Black "Kashtanov, Ruslan"]
[Result "0-1"]
[WhiteElo "2520"]
[BlackElo "2361"]
[PlyCount "48"]
[EventDate "2012.04.??"]
[EventType "swiss"]
[EventRounds "9"]
[EventCountry "USA"]

1. e4 e6 2. d4 d5 3. Nd2 c5 4. Ngf3 cxd4 5. Nxd4 Nc6 6. Bb5 Bd7 7. Nxc6 Bxc6 8.
Bxc6+ bxc6 9. c4 Qb6 10. Qb3 Rd8 11. cxd5 cxd5 12. O-O Nf6 13. e5 Nd7 14. Qg3
Qc7 15. Nf3 Nc5 16. Bg5 Rb8 17. Rfc1 Qd7 18. Nd2 h6 19. Be3 d4 20. Rxc5 dxe3
21. Ne4 Qd4 22. Qf4 exf2+ 23. Kh1 Bxc5 24. Nd6+ Kd8 0-1

[Event "Philadelphia Open"]
[Site "Philadelphia"]
[Date "2012.04.07"]
[Round "6.10"]
[White "Vucic, Mladen"]
[Black "Shahade, Gregory"]
[Result "1/2-1/2"]
[WhiteElo "2328"]
[BlackElo "2475"]
[PlyCount "35"]
[EventDate "2012.04.??"]
[EventType "swiss"]
[EventRounds "9"]
[EventCountry "USA"]

1. d4 d5 2. Nf3 Nf6 3. c4 e6 4. Nc3 c6 5. cxd5 exd5 6. Bg5 Be7 7. e3 Bf5 8. Bd3
Bxd3 9. Qxd3 Nbd7 10. O-O O-O 11. Rab1 a5 12. Qc2 h6 13. Bh4 Re8 14. a3 Ra6 15.
Rfc1 Nb6 16. Na4 Nxa4 17. Bxf6 Bxf6 18. Qxa4 1/2-1/2

[Event "Philadelphia Open"]
[Site "Philadelphia"]
[Date "2012.04.07"]
[Round "6.22"]
[White "Nemcova, Katerina"]
[Black "Vibbert, Sean"]
[Result "0-1"]
[WhiteElo "2275"]
[BlackElo "2180"]
[PlyCount "136"]
[EventDate "2012.04.??"]
[EventType "swiss"]
[EventRounds "9"]
[EventCountry "USA"]

1. e4 c5 2. Nf3 Nc6 3. d4 cxd4 4. Nxd4 Nf6 5. Nc3 d6 6. Bc4 Qb6 7. Nxc6 bxc6 8.
O-O g6 9. Rb1 Bg7 10. Bd3 O-O 11. Na4 Qc7 12. c4 Ng4 13. Be2 f5 14. b4 Nf6 15.
exf5 Bxf5 16. Rb3 a5 17. b5 cxb5 18. Rxb5 Be4 19. Be3 Nd7 20. Qd2 Bc6 21. Rfb1
Rab8 22. Bg4 Bxb5 23. cxb5 Kh8 24. Rc1 Qb7 25. b6 Ne5 26. Be2 Rfc8 27. Rxc8+
Rxc8 28. Qxa5 Nc4 29. Qb4 Nxe3 30. fxe3 Be5 31. Nb2 Rc1+ 32. Nd1 Rc6 33. Qa4
Qxb6 34. Qa8+ Kg7 35. Qe8 Bf6 36. Bf3 Rc1 37. Kf2 Qc5 38. Qa4 Qc2+ 39. Qxc2
Rxc2+ 40. Kf1 Rxa2 41. Nf2 Bg5 42. Nd1 e6 43. Nc3 Rc2 44. Nb5 Bxe3 45. Nxd6 Bf4
46. Ne4 Bxh2 47. g3 Rc1+ 48. Kg2 Bg1 49. Ng5 e5 50. Ne4 Bc5 51. Ng5 Rc2+ 52.
Kh3 Be3 53. Ne4 h6 54. Nd6 h5 55. Ne8+ Kh6 56. Nd6 Bg1 57. Bg2 Re2 58. Nf7+ Kg7
59. Ng5 Re3 60. Bd5 Bf2 61. Ne4 Be1 62. Kg2 Kh6 63. Bc6 Kg7 64. Bd5 g5 65. Nd6
Rxg3+ 66. Kf1 Rd3 67. Nf5+ Kf6 68. Be4 Rd1 0-1

[Event "Philadelphia Open"]
[Site "Philadelphia"]
[Date "2012.04.07"]
[Round "7.1"]
[White "Erenburg, Sergey"]
[Black "Akobian, Varuzhan"]
[Result "1/2-1/2"]
[WhiteElo "2616"]
[BlackElo "2621"]
[PlyCount "112"]
[EventDate "2012.04.??"]
[EventType "swiss"]
[EventRounds "9"]
[EventCountry "USA"]
[TimeControl "6000+1585"]
[WhiteClock "0:11:52"]
[BlackClock "0:00:31"]

1. e4 e6 2. d4 d5 3. Nd2 Nf6 4. e5 Nfd7 5. Bd3 c5 6. c3 Nc6 7. Ne2 cxd4 8. cxd4
f6 9. exf6 Nxf6 10. Nf3 Qc7 11. O-O Bd6 12. Bd2 O-O 13. Rc1 Bd7 14. Bc3 Rae8
15. Ng3 Qb8 16. Re1 e5 17. dxe5 Nxe5 18. Nxe5 Bxe5 19. Bxe5 Rxe5 20. Qd2 Rfe8
21. h3 Rxe1+ 22. Rxe1 Rxe1+ 23. Qxe1 Qf4 24. Ne2 Qe5 25. Qb4 b6 26. Qd4 Qe8 27.
Qf4 Bb5 28. Bxb5 Qxb5 29. Nd4 Qxb2 30. Qb8+ Kf7 31. Qc7+ Kg6 32. Qg3+ Kf7 33.
Qc7+ Kg6 34. Ne6 Ne4 35. f3 Nc5 36. Nf8+ Kh6 37. Qf4+ g5 38. Qd6+ Kg7 39. Qe7+
Kg8 40. Nxh7 Qb1+ 41. Kh2 Qxh7 42. Qe8+ Kg7 43. Qe7+ Kg6 44. Qd6+ Kf7 45. Qc7+
Kg8 46. Qd8+ Kg7 47. Qe7+ Kh6 48. Qf6+ Qg6 49. Qh8+ Qh7 50. Qf6+ Kh5 51. Qd6
Qc2 52. Qf6 d4 53. Qf7+ Kh6 54. Qf6+ Kh5 55. Qf7+ Qg6 56. Qf8 Qc2 1/2-1/2

[Event "Philadelphia Open"]
[Site "Philadelphia"]
[Date "2012.04.07"]
[Round "7.2"]
[White "Bachmann, Axel"]
[Black "Shankland, Samuel L"]
[Result "1/2-1/2"]
[WhiteElo "2556"]
[BlackElo "2580"]
[PlyCount "88"]
[EventDate "2012.04.??"]
[EventType "swiss"]
[EventRounds "9"]
[EventCountry "USA"]
[TimeControl "6000+600"]
[WhiteClock "0:43:41"]
[BlackClock "0:47:17"]

1. Nf3 Nf6 2. g3 g6 3. Bg2 Bg7 4. O-O O-O 5. d3 c5 6. e4 Nc6 7. c3 d6 8. Re1 e5
9. a3 b6 10. b4 Bb7 11. Bb2 Re8 12. b5 Nb8 13. c4 a5 14. bxa6 Rxa6 15. Bc1 h6
16. Nc3 Nc6 17. Bh3 Bf8 18. Rb1 Nd4 19. Nxd4 cxd4 20. Nd5 Bxd5 21. cxd5 Nd7 22.
f4 exf4 23. gxf4 Nc5 24. Qf3 Qh4 25. Rf1 Bg7 26. f5 Qf6 27. Rb4 Rea8 28. Kh1 g5
29. Bb2 Rxa3 30. Bxa3 Rxa3 31. Rd1 Qd8 32. Rb2 Be5 33. f6 Qxf6 34. Bf5 Na4 35.
Rg2 b5 36. h4 Kf8 37. Rdg1 Bf4 38. Bd7 Nc3 39. Rb2 b4 40. Rxb4 Ra2 41. Rg2 Ra1+
42. Rg1 Ra2 43. Rg2 Ra1+ 44. Rg1 Ra2 1/2-1/2

[Event "Philadelphia Open"]
[Site "Philadelphia"]
[Date "2012.04.07"]
[Round "7.3"]
[White "Naroditsky, Daniel"]
[Black "Hammer, Jon Ludvig"]
[Result "0-1"]
[WhiteElo "2479"]
[BlackElo "2606"]
[PlyCount "78"]
[EventDate "2012.04.??"]
[EventType "swiss"]
[EventRounds "9"]
[EventCountry "USA"]
[TimeControl "6000+930"]
[WhiteClock "0:07:04"]
[BlackClock "0:03:34"]

1. e4 e5 2. Nf3 Nc6 3. Bb5 Nf6 4. d3 Bc5 5. Bxc6 dxc6 6. Bg5 Qd6 7. Nbd2 Nd7 8.
Nc4 Qe6 9. O-O O-O 10. Be3 Be7 11. a4 c5 12. Bd2 b6 13. Bc3 f6 14. Nh4 g6 15.
Qf3 Rf7 16. Qg3 Rg7 17. Bd2 f5 18. f4 fxe4 19. fxe5 Bb7 20. Rae1 Rf8 21. Bg5
Rxf1+ 22. Rxf1 Rf7 23. Rxf7 Kxf7 24. Qf4+ Ke8 25. b3 Bxg5 26. Qxg5 Qd5 27. h3
exd3 28. cxd3 Qxd3 29. Kh2 Bd5 30. Ne3 Be6 31. Ng4 Bxg4 32. Qxg4 Qxb3 33. Nf3
Qd5 34. Qh4 Nf8 35. Qf4 c4 36. Ng5 c3 37. a5 c2 38. axb6 axb6 39. Nf3 Qc6 0-1

[Event "Philadelphia Open"]
[Site "Philadelphia"]
[Date "2012.04.07"]
[Round "7.4"]
[White "Kaidanov, Gregory"]
[Black "Gurevich, Dmitry"]
[Result "1/2-1/2"]
[WhiteElo "2598"]
[BlackElo "2466"]
[PlyCount "37"]
[EventDate "2012.04.??"]
[EventType "swiss"]
[EventRounds "9"]
[EventCountry "USA"]
[TimeControl "6000+935"]
[WhiteClock "0:36:19"]
[BlackClock "0:29:38"]

1. d4 d5 2. c4 e6 3. Nc3 Be7 4. cxd5 exd5 5. Bf4 Nf6 6. e3 O-O 7. Bd3 c5 8.
dxc5 Bxc5 9. Nge2 Nc6 10. O-O d4 11. exd4 Nxd4 12. Na4 Nxe2+ 13. Bxe2 Nd5 14.
Be5 Be7 15. Bf3 Nb4 16. Qxd8 Rxd8 17. Bc7 Rd7 18. Bg3 Nc2 19. Rac1 1/2-1/2

[Event "Philadelphia Open"]
[Site "Philadelphia"]
[Date "2012.04.07"]
[Round "7.5"]
[White "Kashtanov, Ruslan"]
[Black "Gelashvili, Tamaz"]
[Result "0-1"]
[WhiteElo "2361"]
[BlackElo "2619"]
[PlyCount "74"]
[EventDate "2012.04.??"]
[EventType "swiss"]
[EventRounds "9"]
[EventCountry "USA"]

1. e4 e5 2. Nf3 d6 3. d4 exd4 4. Qxd4 a6 5. Bg5 Nc6 6. Qc3 Nf6 7. Bxf6 Qxf6 8.
Qxf6 gxf6 9. Nc3 Be6 10. O-O-O O-O-O 11. Nh4 Ne5 12. g3 c6 13. f4 Ng4 14. Rd2
Ne3 15. Bd3 d5 16. exd5 Nxd5 17. Nxd5 Bxd5 18. Rhd1 Bc5 19. c4 Be6 20. Kc2 Kc7
21. b3 Bb4 22. Rf2 Bg4 23. Ra1 Rhe8 24. a3 Re3 25. Bf5 Be1 26. Rg2 Bd1+ 27.
Rxd1 Rc3+ 28. Kb2 Rxd1 29. Bxh7 Re3 30. Rc2 Bd2 31. c5 Ree1 32. Rc4 Bc1+ 33.
Ka2 Re2+ 34. Bc2 Rxh2 35. Nf3 Rf2 36. b4 Rd3 37. Ne1 Re3 0-1

[Event "Philadelphia Open"]
[Site "Philadelphia"]
[Date "2012.04.07"]
[Round "7.6"]
[White "Stripunsky, Alexander"]
[Black "Managadze, Nikoloz"]
[Result "1-0"]
[WhiteElo "2566"]
[BlackElo "2475"]
[PlyCount "59"]
[EventDate "2012.04.??"]
[EventType "swiss"]
[EventRounds "9"]
[EventCountry "USA"]

1. e4 c5 2. Nf3 Nc6 3. c3 Nf6 4. e5 Nd5 5. Bc4 Nb6 6. Bb3 d5 7. exd6 Qxd6 8. a4
Bf5 9. O-O e6 10. d4 cxd4 11. a5 Nd7 12. a6 b5 13. cxd4 Bxb1 14. Rxb1 Nf6 15.
Bg5 Nd5 16. Rc1 Be7 17. Re1 Ncb4 18. Bxe7 Qxe7 19. Bxd5 Nxd5 20. Qb3 b4 21. Qc4
Kf8 22. Qb5 Qe8 23. Qb7 g6 24. Ng5 Rb8 25. Qxa7 h6 26. Nxf7 Ra8 27. Qb7 Rh7 28.
Nd6 Rxb7 29. axb7 Qb8 30. bxa8=Q 1-0

[Event "Philadelphia Open"]
[Site "Philadelphia"]
[Date "2012.04.07"]
[Round "7.10"]
[White "Kacheishvili, Giorgi"]
[Black "Vucic, Mladen"]
[Result "1-0"]
[WhiteElo "2612"]
[BlackElo "2328"]
[PlyCount "83"]
[EventDate "2012.04.??"]
[EventType "swiss"]
[EventRounds "9"]
[EventCountry "USA"]

1. d4 d5 2. Nf3 Nf6 3. c4 c6 4. Nc3 e6 5. Bg5 h6 6. Bh4 dxc4 7. e4 g5 8. Bg3 b5
9. Be2 a6 10. Qc2 Bb7 11. Rd1 Nbd7 12. h4 g4 13. Ne5 Rg8 14. O-O Nxe5 15. Bxe5
Nd7 16. Bg3 Qf6 17. b3 cxb3 18. Qxb3 e5 19. Rd2 exd4 20. e5 Qe6 21. Qxe6+ fxe6
22. Rxd4 b4 23. Ne4 c5 24. Nd6+ Bxd6 25. Rxd6 Bd5 26. Bxa6 Rb8 27. Rc1 Bxa2 28.
Rcd1 Rg7 29. Bf4 h5 30. Bh6 Rh7 31. Be3 Bd5 32. Bd3 Rh8 33. Bg6+ Kd8 34. R1xd5
exd5 35. Bf5 Rb7 36. e6 Ke7 37. Rxd7+ Rxd7 38. Bg5+ Kd6 39. exd7 Kc7 40. d8=Q+
Rxd8 41. Bxd8+ Kxd8 42. Be6 1-0

[Event "Philadelphia Open"]
[Site "Philadelphia"]
[Date "2012.04.07"]
[Round "7.11"]
[White "Aaron, Deepak"]
[Black "Gerzhoy, Leonid"]
[Result "1/2-1/2"]
[WhiteElo "2234"]
[BlackElo "2489"]
[PlyCount "66"]
[EventDate "2012.04.??"]
[EventType "swiss"]
[EventRounds "9"]
[EventCountry "USA"]

1. e4 c6 2. d4 d5 3. exd5 cxd5 4. c4 Nf6 5. Nc3 e6 6. Nf3 Be7 7. cxd5 Nxd5 8.
Bd3 Nc6 9. O-O O-O 10. Re1 Nf6 11. a3 b6 12. Bg5 Bb7 13. Bc2 Rc8 14. Qd3 g6 15.
h4 Qc7 16. h5 Nxh5 17. d5 Rcd8 18. Qc4 Bxg5 19. Nxg5 exd5 20. Nxd5 Rxd5 21.
Qxd5 Nb4 22. Qd2 Nxc2 23. Rac1 Rc8 24. Rxc2 Qxc2 25. Re8+ Kg7 26. Qd4+ Nf6 27.
Ne6+ fxe6 28. Re7+ Kg8 29. Qxf6 Qc1+ 30. Kh2 Qh6+ 31. Kg3 Bd5 32. Qf7+ Kh8 33.
Qf6+ Kg8 1/2-1/2

[Event "Philadelphia Open"]
[Site "Philadelphia"]
[Date "2012.04.07"]
[Round "7.14"]
[White "Mo, Kevin"]
[Black "Ippolito, Dean"]
[Result "1/2-1/2"]
[WhiteElo "2180"]
[BlackElo "2452"]
[PlyCount "89"]
[EventDate "2012.04.??"]
[EventType "swiss"]
[EventRounds "9"]
[EventCountry "USA"]

1. e4 c6 2. d4 d5 3. Nc3 dxe4 4. Nxe4 Bf5 5. Ng3 Bg6 6. h4 h6 7. Nf3 Nd7 8. h5
Bh7 9. Bd3 Bxd3 10. Qxd3 e6 11. Bd2 Ngf6 12. O-O-O Be7 13. Qe2 O-O 14. Nf1 Kh8
15. Rg1 Nb6 16. g4 Qd5 17. Kb1 Qb5 18. Qxb5 cxb5 19. Ne5 Nc4 20. Bc1 Nd5 21.
Nxc4 bxc4 22. Ne3 Nxe3 23. Bxe3 Rfd8 24. c3 Rd5 25. b3 Rc8 26. Kb2 b5 27. Ra1
a5 28. a4 b4 29. Rgc1 f5 30. cxb4 c3+ 31. Rxc3 Rxc3 32. Kxc3 Bxb4+ 33. Kd3 fxg4
34. Rh1 Kg8 35. Ke4 Rf5 36. Bf4 Kf7 37. Be3 Bf8 38. Rh4 Bb4 39. Rh1 Rf3 40. Rh4
Rh3 41. Rxh3 gxh3 42. Kf3 Bd6 43. Bd2 Kf6 44. Be3 Kf5 45. Bd2 1/2-1/2

[Event "Philadelphia Open"]
[Site "Philadelphia"]
[Date "2012.04.07"]
[Round "7.15"]
[White "Vibbert, Sean"]
[Black "Sarkar, Justin"]
[Result "0-1"]
[WhiteElo "2180"]
[BlackElo "2391"]
[PlyCount "96"]
[EventDate "2012.04.??"]
[EventType "swiss"]
[EventRounds "9"]
[EventCountry "USA"]

1. e4 c5 2. Nf3 Nc6 3. d4 cxd4 4. Nxd4 Qb6 5. Nb3 Nf6 6. Nc3 e6 7. Be3 Qc7 8.
a3 a6 9. g4 d6 10. g5 Nd7 11. f4 b5 12. Bh3 Nb6 13. Qe2 Nc4 14. O-O-O Nxe3 15.
Qxe3 Be7 16. f5 h6 17. gxh6 Rxh6 18. fxe6 fxe6 19. Qg3 Bf6 20. Rhf1 Be5 21. Qf2
Rf6 22. Qh4 Rh6 23. Qf2 Qe7 24. Qb6 Qa7 25. Nd5 Qxb6 26. Nxb6 Rb8 27. Nxc8 Rxc8
28. Rd3 Ke7 29. Rdf3 Bf6 30. Rg1 Rch8 31. Bf1 Rxh2 32. c3 Ne5 33. Rfg3 Rf2 34.
Bh3 Nf3 35. Rh1 Be5 36. Rg6 Ng5 37. Bg2 Rxh1+ 38. Bxh1 Kf7 39. Rxg5 Bf4+ 40.
Kb1 Bxg5 41. Ka2 Bf6 42. Nd4 Bxd4 43. cxd4 e5 44. d5 g5 45. Kb3 a5 46. a4 bxa4+
47. Kxa4 g4 48. Kxa5 Rxb2 0-1